| 000 | 02633nam0a2200385 4500 | ||
|---|---|---|---|
| 001 | RU\NLR\BIBL_A\022327327 | ||
| 005 | 20260420014724.0 | ||
| 010 |
_a978-5-4446-1911-7 _9100 |
||
| 021 |
_aRU _bКН-П-24-045291 _9КН-П-24-4508 |
||
| 035 | _a(NLR Aleph) 022327327 | ||
| 090 |
_a13665319 _c13665319 |
||
| 100 | _a20240919d2024 k y0rusy50 ca | ||
| 101 | 0 | _arus | |
| 102 | _aRU | ||
| 105 | _ay z 100yy | ||
| 181 | 0 |
_ai4 _baxxe |
|
| 182 | 0 | _an | |
| 200 | 1 |
_aДеструктивное поведение: вызовы современности и способы решения _eматериалы региональной конференции, проведенной Министерством образования Воронежской области совместно с государственным бюджетным учреждением Воронежской области "Центр психолого-педагогической поддержки и развития детей" на базе МБОУ Хреновская СОШ № 1 _fсоставители: О. П. Кадейкина, Э. Н. Моргунова |
|
| 203 |
_aТекст _bвизуальный _cнепосредственный |
||
| 210 |
_aВоронеж _cНаучная книга _d2024 |
||
| 215 |
_a42 с. _d21 |
||
| 320 | _aБиблиогр. в конце ст. | ||
| 606 | 1 |
_aДети _jСъезды, совещания и т.п _xОтклоняющееся поведение _xПрофилактика _92113479 _3RU\NLR\AUTH\661580543 |
|
| 686 | 1 | _aЮ983.620.1-81я431 | |
| 686 | 1 | _aЧ313.34я431 | |
| 702 | 1 |
_aКадейкина _bО. П. _gОльга Петровна _4220 |
|
| 711 | 0 | 1 |
_aВоронежская область _bМинистерство образования _9886238 _3RU\NLR\AUTH\880614387 |
| 711 | 0 | 2 |
_aЦентр психолого-педагогической поддержки и развития детей _cВоронеж _9860120 _3RU\NLR\AUTH\8810181742 |
| 711 | 0 | 2 |
_aХреновская средняя общеобразовательная школа _c1; с. Слобода, Воронежская обл. _92645685 _3RU\NLR\AUTH\880615997 |
| 711 | 1 | 2 |
_a"Деструктивное поведение: вызовы современности и способы решения", региональная конференция _eс. Слобода, Воронежская обл. _f2024 _92643574 _3RU\NLR\AUTH\880615996 |
| 942 | _cBOOK | ||
| 980 | _aNB | ||